|
|
|
|
| LEADER |
00000nam a2200000 a 4500 |
| 001 |
vtls001413501 |
| 003 |
SK-MaSNL |
| 005 |
20260301162205.0 |
| 008 |
240314s1968 xo oa 0 000 slo |
| 035 |
|
|
|a SNK000368225
|
| 040 |
|
|
|a SNK
|b slo
|c SNK
|e AACR2
|
| 041 |
|
|
|a slo
|
| 044 |
|
|
|a xo
|c SK
|
| 080 |
|
|
|a 81'34:811.162.4
|2 2001
|
| 080 |
|
|
|a (048.8)
|2 2001
|
| 100 |
1 |
|
|a Isačenko, Aleksandr Vasilievič,
|d 1911-1978
|4 aut
|9 207356
|
| 245 |
1 |
0 |
|a Spektrografická analýza slovenských hlások
|c A. V. Isačenko ; prebal Ján Meisner
|
| 250 |
|
|
|a 1. vyd.
|
| 260 |
|
|
|a Bratislava
|b SAV
|c 1968
|e Bratislava
|f Polygrafické závody
|
| 300 |
|
|
|a 264 s.
|b Fotogr. Ilustr. Sch. Tab.
|c 24 cm
|
| 504 |
|
|
|a Bibliogr. odkazy
|
| 650 |
0 |
7 |
|a fonetika
|2 SNKPH
|9 863
|
| 650 |
0 |
7 |
|a fonológia
|2 SNKPH
|9 864
|
| 650 |
0 |
7 |
|a slovenčina
|2 SNKPH
|9 1350
|
| 655 |
|
7 |
|a štúdie
|2 SNKPH
|9 57033
|
| 700 |
1 |
|
|a Meisner, Ján
|4 cov
|9 279454
|
| 958 |
|
|
|a OND
|
| 999 |
|
|
|c 812350
|d 814280
|
| 952 |
|
|
|a SNK
|b SNK
|y PREZ
|7 0
|p 17A0920856
|o snkSC 24067
|0 0
|1 0
|4 0
|d 2012-08-28
|l 0
|r 2025-08-20 00:00:00
|w 2026-02-24
|
| 952 |
|
|
|t P60, <04>, [BOOK], {604}
|a SNK
|b SNK
|y VYP
|7 0
|p 17A0301030
|o snkSC 24067 D1
|i snkKSP 4782/68
|0 0
|1 0
|4 0
|d 2001-05-18
|l 0
|r 2005-01-02 00:00:00
|w 2026-02-24
|